| 000 | 00951 a2200229 4500 | ||
|---|---|---|---|
| 003 | NUST | ||
| 005 | 20221028143936.0 | ||
| 010 | _a 99058794 | ||
| 020 | _a817371441x | ||
| 040 | _cNust | ||
| 082 | 0 | 0 | _a510,BEC |
| 100 | 1 |
_aBeck, Anatole. _9101648 |
|
| 245 | 1 | 0 |
_aExcursions into mathematics / _cAnatole Beck, Michael N. Bleicher, Donald W. Crowe. |
| 250 |
_aThe millennium ed. / _b[with a foreword by Martin Gardner]. |
||
| 260 |
_aNatick, Mass. : _bA.K. Peters, _cc2000. |
||
| 300 |
_axxv, 499 p. : _bill. ; _c24 cm. |
||
| 505 | _aEuler’s Formula for Polyhedra, and Related Topics (Page-1), The Search for Perfect Numbers (Page-79), What is Area (Page-145), Some Exotic Geometries (Page-211), Games (Page-315), What’s in a Name (Page-389), Glossary of Symbols (Page-477), Index (Page-479). | ||
| 650 | 0 | _aMathematics. | |
| 700 | 1 |
_aBleicher, Michael N. _9101649 |
|
| 700 | 1 |
_aCrowe, Donald W. _d1927- _9101650 |
|
| 942 |
_2ddc _cBK _k510,BEC |
||
| 999 |
_c179749 _d179749 |
||